00486nam a2200157 450000500170000001000130001702000260003003500130005603700180006908200080008710000260009524500570012126000370017827000930021530000200030820200127105838.0 aB-731168 a9788186098141c995.00 aB-731168 bDBAD/PUBadpl a616 aNagendra Kumar Neeraj aDiabetes is not incurable/cby Nagendra Kumar Neeraj aJaipurbPopular Book Depotc2016 aG-15, S.S.Tower, Dhamani Street, Chaura RastabJaipurk9829089555mpbdjpr@rediffmail.com a336p.c22cm(Hb)